A world of prose (3rd edition) (Record no. 83259)
[ view plain ]
| 000 -LEADER | |
|---|---|
| fixed length control field | 00836nam a2200181 a 4500 |
| 008 - FIXED-LENGTH DATA ELEMENTS--GENERAL INFORMATION | |
| fixed length control field | 201202s2017 ||||||||||||||||| || u |
| 020 ## - INTERNATIONAL STANDARD BOOK NUMBER | |
| International Standard Book Number | 9781510414327 |
| 050 ## - LIBRARY OF CONGRESS CALL NUMBER | |
| Classification number | PR 9205.4 Wor |
| 100 ## - MAIN ENTRY--PERSONAL NAME | |
| Personal name | Simmons-McDonald, Hazel |
| 245 12 - TITLE STATEMENT | |
| Title | A world of prose (3rd edition) |
| Statement of responsibility, etc. | Edited by Hazel Simmons- McDonald; Mark McWatt |
| 260 ## - PUBLICATION, DISTRIBUTION, ETC. | |
| Place of publication, distribution, etc. | London |
| Name of publisher, distributor, etc. | Hodder and Stoughton Ltd |
| Date of publication, distribution, etc. | 2017 |
| 300 ## - PHYSICAL DESCRIPTION | |
| Extent | viii, 223 pages |
| 350 ## - | |
| -- | 39.08 |
| 650 ## - SUBJECT ADDED ENTRY--TOPICAL TERM | |
| Topical term or geographic name entry element | ENGLISH PROSE LITERATURE--19TH CENTURY |
| 700 ## - ADDED ENTRY--PERSONAL NAME | |
| Personal name | McWatt, Mark |
| 995 ## - | |
| -- | MAIN LIBRARY OPEN ACCESS |
| -- | 750567 |
| -- | CBU-MAIN LIBRARY (Kitwe) |
| -- | 39.08 |
| -- | PR 9205.4 Wor |
| -- | 2 |
| -- | AVAILABLE |
| -- | Dec 10, 2020 |
| -- | 750567 |
| -- | Main Library Open Access Collection |
| 995 ## - | |
| -- | MAIN LIBRARY OPEN ACCESS |
| -- | 750566 |
| -- | CBU-MAIN LIBRARY (Kitwe) |
| -- | 39.08 |
| -- | PR 9205.4 Wor |
| -- | 1 |
| -- | AVAILABLE |
| -- | Dec 10, 2020 |
| -- | 750566 |
| -- | Main Library Open Access Collection |
| 999 ## - | |
| -- | 83259 |
| -- | 83259 |
| Withdrawn status | Lost status | Source of classification or shelving scheme | Damaged status | Not for loan | Permanent Location | Current Location | Shelving location | Date acquired | Total Checkouts | Full call number | Barcode | Date last seen | Copy number | Price effective from | Koha item type |
|---|---|---|---|---|---|---|---|---|---|---|---|---|---|---|---|
| CBU-MAIN LIBRARY, KITWE. | CBU-MAIN LIBRARY, KITWE. | 10/25/2023 | PR 9205.4 Wor | 750567 | 10/25/2023 | 1 | 10/25/2023 | MONOGRAPH | |||||||
| CBU-MAIN LIBRARY, KITWE. | CBU-MAIN LIBRARY, KITWE. | 10/25/2023 | PR 9205.4 Wor | 750566 | 10/25/2023 | 2 | 10/25/2023 | MONOGRAPH |